[Event "World Rapid 2023"]
[Site "Samarkand UZB"]
[Date "2023.12.26"]
[EventDate "2023.12.26"]
[Round "4.40"]
[Result "1/2-1/2"]
[White "Roman Shogdzhiev"]
[Black "Gadir Guseinov"]
[WhiteElo "2042"]
[BlackElo "2631"]
[PlyCount "130"]

1. e4 c5 2. Nf3 g6 3. d4 cxd4 4. Qxd4 Nf6 5. Nc3 Nc6 6. Qa4 d6 7. e5 dxe5
8. Nxe5 Bd7 9. Nxd7 Qxd7 10. Be3 Bg7 11. Rd1 Qc8 12. Be2 O-O 13. O-O e6 14.
Bc5 Rd8 15. Rxd8+ Nxd8 16. Be3 Nc6 17. Rd1 a6 18. Qh4 Ne7 19. Bf3 Nf5 20.
Qb4 Nxe3 21. fxe3 Rb8 22. Rd2 b5 23. Qe7 Qf8 24. Qxf8+ Bxf8 25. Kf2 Bb4 26.
Rd3 Rc8 27. Bb7 Rc7 28. Bxa6 Bxc3 29. bxc3 Ne4+ 30. Ke2 Nxc3+ 31. Kd2 b4
32. Rd8+ Kg7 33. Bd3 Nxa2 34. Ra8 Nc3 35. Rb8 Nd5 36. g3 Rc5 37. e4 Nf6 38.
Rxb4 Rh5 39. h4 Rc5 40. c4 Nh5 41. g4 Nf4 42. Rb5 Rc7 43. Bf1 f6 44. e5
fxe5 45. Rxe5 Kf6 46. Rb5 e5 47. Ke3 Rd7 48. Rb6+ Ke7 49. Rb5 Kf6 50. Rb1
h6 51. c5 Nd5+ 52. Kd3 Ra7 53. Rc1 Ke6 54. Kc4 e4 55. Kd4 Nf6 56. g5 hxg5
57. hxg5 Nh7 58. Bh3+ Ke7 59. c6 Kd6 60. Bd7 Nxg5 61. Be8 e3 62. c7 Ne6+
63. Kxe3 Nxc7 64. Bxg6 Nd5+ 65. Ke4 1/2-1/2

[Event "World Rapid 2023"]
[Site "Samarkand UZB"]
[Date "2023.12.26"]
[EventDate "2023.12.26"]
[Round "4.41"]
[Result "1-0"]
[White "Ian Nepomniachtchi"]
[Black "Cem Kaan Gokerkan"]
[WhiteElo "2778"]
[BlackElo "2365"]
[PlyCount "76"]

1. e4 c5 2. Nf3 d6 3. d4 cxd4 4. Nxd4 Nf6 5. Nc3 e5 6. Bb5+ Nbd7 7. Nf5 a6
8. Bxd7+ Qxd7 9. Bg5 Nxe4 10. Nxg7+ Bxg7 11. Nxe4 O-O 12. Qd5 Qf5 13. f3
Be6 14. Qxd6 Rfc8 15. Qd2 Qg6 16. h4 h5 17. O-O f6 18. Be3 Bf5 19. Qd5+ Kh7
20. Rf2 Rd8 21. Qxb7 Rab8 22. Qxa6 Bxe4 23. fxe4 Qxe4 24. Qe2 Rxb2 25.
Qxh5+ Kg8 26. Rf3 Rxc2 27. Rg3 Rxg2+ 28. Rxg2 Qxe3+ 29. Kh2 Qf4+ 30. Kh1 f5
31. Rag1 Qe4 32. Qh6 Rd7 33. Kh2 Qb7 34. Qe6+ Kh8 35. Qxf5 e4 36. Qh5+ Kg8
37. Qe8+ Kh7 38. Qxd7 1-0

[Event "World Rapid 2023"]
[Site "Samarkand UZB"]
[Date "2023.12.26"]
[EventDate "2023.12.26"]
[Round "4.42"]
[Result "0-1"]
[White "Mohamed Tissir"]
[Black "Sanan Sjugirov"]
[WhiteElo "2358"]
[BlackElo "2584"]
[PlyCount "78"]

1. e4 c6 2. d4 d5 3. Nc3 dxe4 4. Nxe4 Nf6 5. Ng3 h5 6. h3 c5 7. Nf3 cxd4 8.
Qxd4 Qxd4 9. Nxd4 h4 10. Bb5+ Bd7 11. Nge2 e5 12. Bxd7+ Nbxd7 13. Nf3 Ne4
14. Nd2 Nxd2 15. Bxd2 Bc5 16. f3 f6 17. O-O-O g5 18. Nc3 Rc8 19. Kb1 Ke7
20. Rhe1 Ke6 21. a3 Rhd8 22. Ne4 b6 23. Bb4 Bxb4 24. axb4 Nf8 25. c4 Rxd1+
26. Rxd1 Rxc4 27. b5 Ke7 28. Rd3 Rc7 29. Rd2 Ne6 30. Nc3 Rd7 31. Re2 Nf4
32. Rc2 f5 33. b3 Ke6 34. Na2 e4 35. fxe4 fxe4 36. Rc4 Kf5 37. Nc3 e3 38.
Rc8 e2 39. Rf8+ Kg6 0-1

[Event "World Rapid 2023"]
[Site "Samarkand UZB"]
[Date "2023.12.26"]
[EventDate "2023.12.26"]
[Round "4.43"]
[Result "1/2-1/2"]
[White "Andrew Hong"]
[Black "Maksim Tsaruk"]
[WhiteElo "2539"]
[BlackElo "2334"]
[PlyCount "128"]

1. e4 e5 2. Nf3 Nc6 3. Bc4 Bc5 4. c3 Nf6 5. d3 d6 6. Bg5 h6 7. Bh4 Bb6 8.
a4 a5 9. Nbd2 g5 10. Bg3 Bg4 11. Bb5 Kf8 12. Nc4 Ba7 13. Bxc6 bxc6 14. Nxa5
Bxf2+ 15. Bxf2 Rxa5 16. O-O Nh5 17. h3 Bxf3 18. Qxf3 Nf4 19. d4 h5 20. dxe5
dxe5 21. b4 Ra8 22. Bc5+ Kg8 23. a5 Rh6 24. Rad1 Qe8 25. Rd2 Qe6 26. Qd1
Qc4 27. Rd8+ Rxd8 28. Qxd8+ Kh7 29. Qxc7 Rf6 30. Rf2 Qxe4 31. Qd8 Rg6 32.
Kh2 g4 33. g3 h4 34. Qxh4+ Rh6 35. Qxg4 Rxh3+ 36. Qxh3+ Nxh3 37. Kxh3 f5
38. Kh2 Qd3 39. a6 Qxa6 40. Rxf5 Qe2+ 41. Kh3 Kg6 42. Rf8 Qe1 43. Kg2 Qxc3
44. Rf3 Qc2+ 45. Kf1 e4 46. Re3 Qd1+ 47. Kf2 Kf5 48. Re2 Qh1 49. Re3 Kg4
50. Ke2 Qb1 51. Kd2 Kh3 52. Kc3 Kg4 53. Kd4 Qd1+ 54. Ke5 Qd5+ 55. Kf6 Kh5
56. Ra3 Kg4 57. Re3 Kh3 58. Ra3 Kg4 59. Re3 Kh3 60. Ke7 Kg4 61. Kf6 Kh3 62.
Ra3 Kg4 63. Re3 Kh3 64. Ra3 Kg4 1/2-1/2

[Event "World Rapid 2023"]
[Site "Samarkand UZB"]
[Date "2023.12.26"]
[EventDate "2023.12.26"]
[Round "4.44"]
[Result "0-1"]
[White "Abdimalik Abdisalimov"]
[Black "Mikhail Kobalia"]
[WhiteElo "2330"]
[BlackElo "2534"]
[PlyCount "110"]

1. d4 d5 2. c4 c6 3. Nf3 Nf6 4. Nc3 a6 5. c5 Nbd7 6. Bf4 Nh5 7. Bd2 Nhf6 8.
Rc1 g6 9. h3 Qc7 10. Bg5 Bg7 11. e3 O-O 12. Bf4 Qd8 13. Be2 Ne4 14. Nxe4
dxe4 15. Nd2 e5 16. dxe5 Nxe5 17. Nxe4 Qa5+ 18. Qd2 Qxa2 19. O-O Qd5 20.
Qxd5 cxd5 21. Nd6 Bd7 22. Rfd1 Bc6 23. b4 Rfd8 24. Rd2 b6 25. b5 axb5 26.
Nxb5 Bxb5 27. Bxb5 Ra5 28. Bc6 Rxc5 29. Rxc5 bxc5 30. Rxd5 Nxc6 31. Rxc5
Nb4 32. Rb5 Nd5 33. Bg5 f6 34. Bh4 Nc3 35. Rc5 Nd5 36. Rb5 Nc3 37. Rc5 Ne4
38. Rc4 Rd1+ 39. Kh2 Nd6 40. Rc6 g5 41. Bg3 Ne4 42. h4 g4 43. Bf4 h5 44. f3
Nd2 45. fxg4 hxg4 46. h5 Nf1+ 47. Kg1 Ng3+ 48. Kf2 Nxh5 49. Bc7 Rd2+ 50.
Ke1 Rxg2 51. Kf1 Rg3 52. Bxg3 Nxg3+ 53. Kg2 Ne4 54. Rc4 f5 55. Rc7 Kh7 0-1

[Event "World Rapid 2023"]
[Site "Samarkand UZB"]
[Date "2023.12.26"]
[EventDate "2023.12.26"]
[Round "4.45"]
[Result "0-1"]
[White "Saidakbar Saydaliev"]
[Black "Arystanbek Urazayev"]
[WhiteElo "2316"]
[BlackElo "2535"]
[PlyCount "78"]

1. Nf3 d5 2. e3 Nf6 3. c4 e6 4. Nc3 Bd6 5. d4 O-O 6. a3 b6 7. cxd5 exd5 8.
b4 Bf5 9. Bd3 Bxd3 10. Qxd3 Re8 11. O-O c6 12. Bb2 Nbd7 13. Rac1 Rc8 14.
Ne2 b5 15. Rc2 Nb6 16. Nc1 Nc4 17. Nb3 Ne4 18. Nc5 Qe7 19. a4 bxa4 20. Ra1
Rb8 21. Bc3 a3 22. Nxe4 dxe4 23. Qxc4 exf3 24. gxf3 Qg5+ 25. Kf1 Qf5 26.
Be1 Qxf3 27. Qxc6 Qh3+ 28. Qg2 Qf5 29. Rc6 Re6 30. Bd2 Rg6 31. Qh1 Qb5+ 32.
Ke1 Bxb4 33. Rxg6 Bxd2+ 34. Kxd2 Qa5+ 35. Kd1 hxg6 36. Qc6 Qh5+ 37. Ke1 Rb2
38. Qc4 Qxh2 39. Qf1 a2 0-1

[Event "World Rapid 2023"]
[Site "Samarkand UZB"]
[Date "2023.12.26"]
[EventDate "2023.12.26"]
[Round "4.46"]
[Result "1-0"]
[White "Johan-Sebastian Christiansen"]
[Black "Gianmarco Leiva"]
[WhiteElo "2494"]
[BlackElo "2351"]
[PlyCount "88"]

1. e4 c5 2. Nf3 d6 3. Nc3 Nf6 4. e5 dxe5 5. Nxe5 a6 6. g3 Qc7 7. d4 cxd4 8.
Qxd4 Nc6 9. Nxc6 Qxc6 10. Bg5 Bg4 11. Bxf6 gxf6 12. Qxg4 Qxh1 13. O-O-O Qc6
14. Nd5 Bh6+ 15. Kb1 Rd8 16. Bg2 Kf8 17. Rd3 Qc5 18. Qh5 Bg7 19. Ne3 Qc7
20. Qc5 Qb8 21. Nf5 Rxd3 22. Qxe7+ Kg8 23. cxd3 Qe5 24. Qd8+ Bf8 25. Be4 h5
26. h4 b5 27. a3 Rh7 28. f3 Qc5 29. d4 Qc4 30. Qxf6 Qf1+ 31. Ka2 Qc4+ 32.
Ka1 Qc1+ 33. Bb1 Bxa3 34. d5 Bxb2+ 35. Qxb2 Qxb2+ 36. Kxb2 f6 37. d6 Kf8
38. Ba2 Ke8 39. Be6 Rb7 40. g4 hxg4 41. fxg4 b4 42. h5 a5 43. h6 a4 44. d7+
1-0

[Event "World Rapid 2023"]
[Site "Samarkand UZB"]
[Date "2023.12.26"]
[EventDate "2023.12.26"]
[Round "4.47"]
[Result "1/2-1/2"]
[White "Rudik Makarian"]
[Black "Munkhdalai Amilal"]
[WhiteElo "2466"]
[BlackElo "2225"]
[PlyCount "146"]

1. c4 Nf6 2. Nc3 e6 3. Nf3 d5 4. d4 Be7 5. g3 O-O 6. Bg2 c6 7. O-O b6 8.
Nd2 Nbd7 9. e4 dxc4 10. Nxc4 Ba6 11. b3 e5 12. dxe5 Bxc4 13. exf6 Bxf6 14.
bxc4 Bxc3 15. Rb1 Nc5 16. Be3 Qf6 17. Qe2 Rad8 18. Rbd1 Rxd1 19. Rxd1 Rd8
20. h4 h6 21. Kh2 Rxd1 22. Qxd1 Qe6 23. Qd8+ Kh7 24. Bxc5 bxc5 25. Qd3 Bd4
26. f4 g5 27. Bh3 Qe7 28. e5+ Kg7 29. hxg5 hxg5 30. Qf5 gxf4 31. Qg4+ Kf8
32. gxf4 Qb7 33. Bg2 f6 34. Qf5 Qf7 35. Qc8+ Qe8 36. Qf5 Qf7 37. e6 Qc7 38.
Kg3 Qg7+ 39. Kf3 Ke7 40. Bh3 Qh6 41. Kg3 Kd6 42. Qb1 Kc7 43. Qe4 Qg7+ 44.
Bg4 Kd6 45. Qb1 Kc7 46. Kf3 Qe7 47. a4 a5 48. Qe1 Kb6 49. Bf5 Ka6 50. Qe4
Kb6 51. Qb1+ Kc7 52. Qe1 Kb6 53. Bg4 Ka6 54. Qe4 Kb6 55. Qg6 f5 56. Qxf5
Qh4 57. Qb1+ Kc7 58. Qf1 Kd6 59. Qg2 Qe1 60. Bf5 Qd1+ 61. Kg3 Qxa4 62. Kg4
Qxc4 63. Kg5 Qb3 64. Kg6 Qb7 65. Kh5 Qb8 66. Qg6 Qh8+ 67. Kg4 Qg7 68. Kh5
Qxg6+ 69. Kxg6 Ke7 70. Bd3 Kxe6 71. Bc4+ Kd6 72. f5 Ke7 73. Kg5 a4 1/2-1/2

[Event "World Rapid 2023"]
[Site "Samarkand UZB"]
[Date "2023.12.26"]
[EventDate "2023.12.26"]
[Round "4.48"]
[Result "1-0"]
[White "Ilia Iljiushenok"]
[Black "Bobir Sattarov"]
[WhiteElo "2480"]
[BlackElo "2333"]
[PlyCount "42"]

1. e4 e5 2. Nf3 Nc6 3. Nc3 Nf6 4. Bb5 Bd6 5. d3 Nd4 6. Nxd4 exd4 7. Ne2 c6
8. Ba4 Bc7 9. O-O Ng4 10. h3 h5 11. Nxd4 d5 12. exd5 Kf8 13. Nf3 Qxd5 14.
Bb3 Qd6 15. Re1 Bd7 16. hxg4 Bxg4 17. Re4 Qf6 18. Bg5 Qg6 19. Re7 f6 20.
Rxc7 fxg5 21. Rf7+ 1-0

[Event "World Rapid 2023"]
[Site "Samarkand UZB"]
[Date "2023.12.26"]
[EventDate "2023.12.26"]
[Round "4.49"]
[Result "1/2-1/2"]
[White "Sumiya Bilguun"]
[Black "Ediz Gurel"]
[WhiteElo "2474"]
[BlackElo "2345"]
[PlyCount "106"]

1. e4 c5 2. Nc3 e6 3. f4 d5 4. Nf3 dxe4 5. Nxe4 Nf6 6. Nxf6+ Qxf6 7. g3 Nc6
8. Bg2 g6 9. O-O Bg7 10. d3 O-O 11. c3 Qe7 12. Qe2 Bd7 13. Be3 Rfd8 14.
Rad1 Rac8 15. Qf2 b6 16. h3 h6 17. g4 Qf8 18. Qg3 Ne7 19. Ne5 Ba4 20. b3
Be8 21. Kh2 f6 22. Nf3 f5 23. c4 Nc6 24. Qf2 Nd4 25. Nxd4 Bxd4 26. gxf5
gxf5 27. Rg1 Kh7 28. Bf3 Qf6 29. Rg3 Bf7 30. Rdg1 Bc3 31. Be2 Rg8 32. Rxg8
Rxg8 33. Rxg8 Kxg8 34. Qg2+ Kf8 35. Qa8+ Kg7 36. Bf2 Bd4 37. Bg3 e5 38. Qg2
Kf8 39. Qa8+ Kg7 40. Qg2 Kh7 41. Bf3 exf4 42. Bxf4 Be5 43. Qg3 Bxf4 44.
Qxf4 Kg7 45. Qg3+ Kh7 46. Qf4 Qg5 47. Qc7 Kg6 48. Qd6+ Kg7 49. Qe5+ Kh7 50.
Qc7 Kg6 51. Qd6+ Kg7 52. Qe5+ Qf6 53. Qg3+ 1/2-1/2

[Event "World Rapid 2023"]
[Site "Samarkand UZB"]
[Date "2023.12.26"]
[EventDate "2023.12.26"]
[Round "4.50"]
[Result "1/2-1/2"]
[White "Jamshid Mustafaev"]
[Black "Stepan Zilka"]
[WhiteElo "2313"]
[BlackElo "2474"]
[PlyCount "62"]

1. Nf3 Nf6 2. g3 d5 3. Bg2 e6 4. O-O Be7 5. d3 c5 6. Nbd2 Nc6 7. e4 b6 8.
Re1 Bb7 9. exd5 Nxd5 10. Nc4 O-O 11. a4 a6 12. c3 Rb8 13. h4 b5 14. axb5
axb5 15. Nce5 Nxe5 16. Nxe5 Bd6 17. Qe2 Ne7 18. Bxb7 Rxb7 19. Ra6 Bxe5 20.
Qxe5 Qxd3 21. Qxc5 b4 22. Rd6 Qf5 23. cxb4 h6 24. Rb6 Rxb6 25. Qxb6 Nd5 26.
Qd4 Qf3 27. Bd2 Rc8 28. Bc3 Nxc3 29. bxc3 Rxc3 30. Rb1 Rd3 31. Qc5 1/2-1/2

[Event "World Rapid 2023"]
[Site "Samarkand UZB"]
[Date "2023.12.26"]
[EventDate "2023.12.26"]
[Round "4.51"]
[Result "1/2-1/2"]
[White "Benjamin Haldorsen"]
[Black "Vadim Zvjaginsev"]
[WhiteElo "2349"]
[BlackElo "2469"]
[PlyCount "98"]

1. e4 c5 2. Nc3 g6 3. d4 cxd4 4. Qxd4 Nf6 5. Be3 Nc6 6. Qd2 d6 7. f3 h5 8.
O-O-O Bg7 9. Nge2 Bd7 10. Kb1 Rc8 11. Nf4 Qa5 12. h4 O-O 13. Be2 Rfd8 14.
Rhg1 Kf8 15. Ncd5 Nxd5 16. Nxd5 Qxd2 17. Rxd2 e6 18. Nf4 Ke7 19. g4 hxg4
20. fxg4 Ne5 21. h5 Nc4 22. Bxc4 Rxc4 23. hxg6 Rxe4 24. Rd3 Be5 25. Nh3 Rg8
26. gxf7 Rgxg4 27. Rf1 Bg7 28. Bg5+ Rxg5 29. Nxg5 Rg4 30. Rdf3 Rxg5 31.
f8=Q+ Bxf8 32. Rf7+ Kd8 33. Rxf8+ Kc7 34. R8f7 Kc6 35. b3 d5 36. Kb2 Kd6
37. R1f2 Re5 38. Rh2 Bc6 39. a4 a6 40. Rhf2 Re3 41. Rf8 Kc5 42. R8f4 a5 43.
Rf8 e5 44. R8f3 Re1 45. Rf1 Re2 46. R1f2 Re1 47. Rf1 Re2 48. R1f2 Re1 49.
Rf1 1/2-1/2

[Event "World Rapid 2023"]
[Site "Samarkand UZB"]
[Date "2023.12.26"]
[EventDate "2023.12.26"]
[Round "4.52"]
[Result "1-0"]
[White "Kazybek Nogerbek"]
[Black "Mukhammadzokhid Suyarov"]
[WhiteElo "2409"]
[BlackElo "2089"]
[PlyCount "106"]

1. d4 e6 2. Nf3 Nf6 3. c4 b6 4. a3 Bb7 5. Nc3 d5 6. cxd5 Nxd5 7. Qc2 Be7 8.
e4 Nxc3 9. bxc3 O-O 10. Bd3 c5 11. O-O Nd7 12. Qe2 Qc7 13. Rd1 Rfe8 14. g3
Rad8 15. a4 h6 16. Bf4 Bd6 17. e5 Bf8 18. h4 cxd4 19. cxd4 Qc6 20. Kg2 Rc8
21. d5 exd5 22. Nd4 Qc5 23. Bf5 Qe7 24. e6 fxe6 25. Qxe6+ Qxe6 26. Bxe6+
Rxe6 27. Nxe6 Be7 28. a5 Nc5 29. Nd4 Bf6 30. axb6 axb6 31. Be3 Ba6 32. Rab1
Bd8 33. Rdc1 Bd3 34. Ra1 Bf6 35. Ra7 Re8 36. Kh2 Be4 37. Nb5 Nd3 38. Nd6
Re6 39. Nxe4 dxe4 40. Rb1 Rc6 41. Ra2 Ne5 42. Rxb6 Rc8 43. Kg2 Nf3 44. Rb4
Ne1+ 45. Kf1 Nd3 46. Rxe4 Rb8 47. Ke2 Rb3 48. Ra8+ Kf7 49. h5 Ne5 50. Ra7+
Kg8 51. Bd4 Rb4 52. f3 Nxf3 53. Re8+ 1-0

[Event "World Rapid 2023"]
[Site "Samarkand UZB"]
[Date "2023.12.26"]
[EventDate "2023.12.26"]
[Round "4.53"]
[Result "1-0"]
[White "Daniyal Sapenov"]
[Black "Tigran K Harutyunyan"]
[WhiteElo "2312"]
[BlackElo "2441"]
[PlyCount "78"]

1. e4 e5 2. Nf3 Nc6 3. Bb5 a6 4. Ba4 Nf6 5. O-O Be7 6. d3 b5 7. Bb3 O-O 8.
Nc3 d6 9. a3 Nb8 10. a4 b4 11. Ne2 Nbd7 12. Ng3 Nc5 13. Bc4 Be6 14. Bxe6
Nxe6 15. Re1 Re8 16. d4 exd4 17. Nxd4 Nxd4 18. Qxd4 c5 19. Qd3 h6 20. Bf4
Bf8 21. Rad1 Qa5 22. b3 Rad8 23. Nf5 d5 24. Nxh6+ gxh6 25. Qg3+ Kh7 26. Bc7
Nxe4 27. Qf4 Qxc7 28. Qxc7 Nf6 29. Qxf7+ Bg7 30. g3 Rf8 31. Qb7 Rd7 32.
Qxa6 Rdf7 33. Qd3+ Kh8 34. Qg6 d4 35. a5 Ra7 36. Re6 Nd5 37. Re8 Rxa5 38.
Rxf8+ Bxf8 39. Qf5 1-0

[Event "World Rapid 2023"]
[Site "Samarkand UZB"]
[Date "2023.12.26"]
[EventDate "2023.12.26"]
[Round "4.54"]
[Result "1-0"]
[White "Matvey Galchenko"]
[Black "Akmal Fayzullaev"]
[WhiteElo "2416"]
[BlackElo "2293"]
[PlyCount "52"]

1. e4 c6 2. d4 d5 3. exd5 cxd5 4. Bd3 Nc6 5. c3 Nf6 6. h3 g6 7. Nf3 Bf5 8.
Be2 Bg7 9. O-O O-O 10. Bf4 Bxb1 11. Rxb1 e6 12. Re1 Ne8 13. Bd3 Nd6 14. h4
a6 15. h5 b5 16. Ng5 Nf5 17. Qg4 Qf6 18. Qh3 Rfe8 19. hxg6 hxg6 20. Qh7+
Kf8 21. Nf3 Qd8 22. Bg5 Qc7 23. g4 Nfe7 24. Bh6 Bxh6 25. Qxh6+ Kg8 26. Kg2
1-0

[Event "World Rapid 2023"]
[Site "Samarkand UZB"]
[Date "2023.12.26"]
[EventDate "2023.12.26"]
[Round "4.55"]
[Result "1-0"]
[White "Raymond Song"]
[Black "Bakhrom Bakhrillaev"]
[WhiteElo "2402"]
[BlackElo "2196"]
[PlyCount "84"]

1. d4 Nf6 2. c4 g6 3. g3 Bg7 4. Bg2 d6 5. Nc3 O-O 6. Nf3 c6 7. e4 Be6 8.
Qd3 d5 9. cxd5 cxd5 10. e5 Ne4 11. Ng5 Nxg5 12. Bxg5 Nc6 13. O-O Qd7 14.
Rfe1 Rac8 15. h4 Nb4 16. Qd2 Bf5 17. Rad1 f6 18. exf6 exf6 19. Bh6 Bxh6 20.
Qxh6 Nd3 21. Re2 Rfe8 22. Nxd5 Qg7 23. Qd2 Qf7 24. Rxe8+ Rxe8 25. Ne3 Rxe3
26. fxe3 Qd7 27. a3 Qd6 28. g4 Bxg4 29. Qxd3 Bxd1 30. Qxd1 Qg3 31. Qd2 Qxh4
32. d5 Qg4 33. d6 Qd7 34. Kh2 Kf8 35. Bh3 f5 36. Qd4 Kf7 37. e4 Ke6 38.
Qd5+ Kf6 39. e5+ Kg5 40. e6 Qa4 41. Qd2+ Kh5 42. d7 1-0

[Event "World Rapid 2023"]
[Site "Samarkand UZB"]
[Date "2023.12.26"]
[EventDate "2023.12.26"]
[Round "4.56"]
[Result "1/2-1/2"]
[White "Shahruh Turayev"]
[Black "Ortik Nigmatov"]
[WhiteElo "2184"]
[BlackElo "2398"]
[PlyCount "158"]

1. d4 Nf6 2. c4 g6 3. g3 Bg7 4. Bg2 O-O 5. Nc3 d6 6. Nf3 Nc6 7. O-O e5 8.
d5 Nb8 9. e4 a5 10. Ne1 Na6 11. Nd3 b6 12. a3 Nc5 13. Be3 Nfd7 14. Nxc5
Nxc5 15. b4 axb4 16. axb4 Rxa1 17. Qxa1 Nb3 18. Qd1 Nd4 19. Bxd4 exd4 20.
Nb5 Ba6 21. Qa4 Bxb5 22. Qxb5 Qe7 23. Qa4 h6 24. f4 f5 25. Qc2 Re8 26. Re1
g5 27. Kh1 gxf4 28. gxf4 Qh4 29. Rf1 Kh8 30. e5 dxe5 31. Qxf5 Rf8 32. Qg6
Rxf4 33. Rxf4 Qxf4 34. h3 Qe3 35. Be4 Qxh3+ 36. Kg1 Qe3+ 37. Kh1 Qc1+ 38.
Kg2 Qg5+ 39. Qxg5 hxg5 40. c5 bxc5 41. bxc5 Bf8 42. d6 Bxd6 43. cxd6 cxd6
44. Kf3 Kg7 45. Kg4 Kf6 46. Bh7 d5 47. Bg8 e4 48. Bxd5 Ke5 49. Bc6 e3 50.
Kf3 g4+ 51. Ke2 Kf4 52. Bb7 Kg3 53. Bc8 Kh4 54. Bb7 Kg5 55. Bg2 Kf5 56. Bb7
Kf4 57. Bc6 Ke5 58. Bd7 Kf4 59. Bc6 Kg3 60. Bd7 Kh3 61. Bc8 Kh4 62. Bb7 Kg3
63. Bc8 Kf4 64. Bb7 Ke5 65. Bc8 g3 66. Bb7 Kd6 67. Bg2 Kc5 68. Kd3 Kb4 69.
Bd5 Ka3 70. Bg2 Kb2 71. Be4 Kc1 72. Bf3 Kb1 73. Be4 Kb2 74. Bg2 e2 75. Kxe2
Kc3 76. Be4 d3+ 77. Bxd3 g2 78. Kf2 Kxd3 79. Kxg2 1/2-1/2

[Event "World Rapid 2023"]
[Site "Samarkand UZB"]
[Date "2023.12.26"]
[EventDate "2023.12.26"]
[Round "4.57"]
[Result "1-0"]
[White "Ramazan Zhalmakhanov"]
[Black "Sumiya Chinguun"]
[WhiteElo "2399"]
[BlackElo "2130"]
[PlyCount "76"]

1. e4 c5 2. Nc3 Nc6 3. Nf3 g6 4. Bb5 Nd4 5. Nxd4 cxd4 6. Ne2 Bg7 7. O-O a6
8. Ba4 b5 9. Bb3 Bb7 10. d3 e6 11. Bd2 Ne7 12. Qe1 O-O 13. f3 a5 14. a4 b4
15. Qf2 f5 16. Qh4 Nc6 17. Qh3 Qe7 18. Rae1 Rae8 19. Nf4 Qc5 20. Re2 Rf7
21. Rfe1 fxe4 22. fxe4 Ref8 23. Rf2 Bc8 24. Ref1 Ne5 25. Qg3 Nc6 26. Nxe6
dxe6 27. Rxf7 Rxf7 28. Rxf7 Kxf7 29. Qc7+ Qe7 30. Qxc6 Qd8 31. Bf4 Bd7 32.
Qc7 Bf6 33. Qc5 Bg7 34. g3 Ke8 35. h4 h6 36. Be5 Bf6 37. Qxd4 Qb8 38. Qxd7+
1-0

[Event "World Rapid 2023"]
[Site "Samarkand UZB"]
[Date "2023.12.26"]
[EventDate "2023.12.26"]
[Round "4.58"]
[Result "1-0"]
[White "Gabriel Gaehwiler"]
[Black "David Akhmedov"]
[WhiteElo "2384"]
[BlackElo "2099"]
[PlyCount "56"]

1. d4 Nf6 2. Nf3 d5 3. c4 e6 4. g3 Bb4+ 5. Bd2 a5 6. Bg2 O-O 7. Bxb4 axb4
8. Nbd2 b6 9. Qc2 Nbd7 10. O-O Bb7 11. c5 bxc5 12. dxc5 c6 13. Nb3 e5 14.
Ne1 Ra4 15. Qd2 Ba6 16. Nc2 Qb8 17. Rfb1 Qb5 18. e3 Ra8 19. Nc1 Ne4 20. Qe1
Rb8 21. b3 Ra5 22. a3 Nexc5 23. Nxb4 Bc8 24. Qc3 Raa8 25. Ncd3 Nxd3 26.
Nxd3 e4 27. Nb4 Bb7 28. Rd1 1-0

[Event "World Rapid 2023"]
[Site "Samarkand UZB"]
[Date "2023.12.26"]
[EventDate "2023.12.26"]
[Round "4.59"]
[Result "0-1"]
[White "Daler Vakhidov"]
[Black "Zhandos Agmanov"]
[WhiteElo "2110"]
[BlackElo "2403"]
[PlyCount "70"]

1. d4 d5 2. Nf3 Nf6 3. g3 c5 4. Bg2 cxd4 5. O-O h6 6. Bf4 g5 7. Be5 Bg7 8.
Bxd4 Nc6 9. Nc3 O-O 10. Bxf6 Bxf6 11. Nxd5 Bxb2 12. Rb1 Bg7 13. h4 e6 14.
Ne3 Qe7 15. hxg5 hxg5 16. Qc1 f5 17. Nc4 Bf6 18. e4 g4 19. e5 Bg7 20. Nh4
Qc5 21. Nd6 Nxe5 22. Rd1 Rd8 23. Nxb7 Bxb7 24. Rxd8+ Rxd8 25. Rxb7 Nf7 26.
Qe1 Qe5 27. Qxe5 Bxe5 28. Rxa7 Rd2 29. Ng6 Bd4 30. Rc7 Bxf2+ 31. Kh2 Ng5
32. Rc3 Nf3+ 33. Rxf3 gxf3 34. Bxf3 Rxc2 35. Nf4 Be3+ 0-1

[Event "World Rapid 2023"]
[Site "Samarkand UZB"]
[Date "2023.12.26"]
[EventDate "2023.12.26"]
[Round "4.60"]
[Result "0-1"]
[White "Sergey Sklokin"]
[Black "Nikolay Averin"]
[WhiteElo "1946"]
[BlackElo "2240"]
[PlyCount "100"]

1. e4 c5 2. Nf3 d6 3. Nc3 Nf6 4. d4 cxd4 5. Nxd4 a6 6. Be3 e5 7. Nb3 Be7 8.
Be2 Be6 9. O-O O-O 10. Qd2 Nbd7 11. Rad1 b5 12. a3 Nb6 13. f4 Nc4 14. Bxc4
Bxc4 15. Rfe1 Qc7 16. h3 Rac8 17. Qf2 Qb7 18. Na5 Qa8 19. Nxc4 Rxc4 20.
fxe5 dxe5 21. Bg5 Bc5 22. Be3 Be7 23. Bg5 Ng4 24. hxg4 Bxg5 25. Nd5 Qc6 26.
c3 Qg6 27. Qf3 h6 28. Re2 Kh7 29. g3 Qe6 30. Kg2 g6 31. Rf1 Kg7 32. Ref2
Rc5 33. Re2 Rcc8 34. Ref2 Rcd8 35. Rd1 Rd7 36. Rd3 Rh8 37. Rd1 h5 38. gxh5
Rxh5 39. Rh1 Rxh1 40. Kxh1 Rd8 41. Nc7 Qd7 42. Nd5 f5 43. Nb4 fxe4 44. Qe2
e3 45. Rg2 Qd1+ 46. Qxd1 Rxd1+ 47. Kh2 Rd2 48. Kh1 e2 49. Rg1 a5 50. Na2
Rd1 0-1

[Event "World Rapid 2023"]
[Site "Samarkand UZB"]
[Date "2023.12.26"]
[EventDate "2023.12.26"]
[Round "4.61"]
[Result "1-0"]
[White "Artem Uskov"]
[Black "Danis Kuandykuly"]
[WhiteElo "2396"]
[BlackElo "1755"]
[PlyCount "58"]

1. e4 c5 2. Nf3 d6 3. d4 cxd4 4. Nxd4 Nf6 5. Nc3 Nc6 6. Bg5 Bd7 7. Qd2 a6
8. O-O-O e6 9. f3 Be7 10. Kb1 Qc7 11. h4 h5 12. Nxc6 bxc6 13. f4 d5 14. f5
O-O 15. Bd3 d4 16. Ne2 c5 17. c4 dxc3 18. Nxc3 Bc6 19. fxe6 fxe6 20. Rhf1
Rad8 21. Qe2 Ng4 22. Bc4 Rd6 23. Rxd6 Qxd6 24. Rd1 Qc7 25. Bxe6+ Kh7 26.
Bxg4 hxg4 27. Qxg4 Rf2 28. Be3 Rf8 29. Bxc5 Rb8 1-0

[Event "World Rapid 2023"]
[Site "Samarkand UZB"]
[Date "2023.12.26"]
[EventDate "2023.12.26"]
[Round "4.62"]
[Result "0-1"]
[White "Van Foreest, Lucas"]
[Black "Emin Ohanyan"]
[WhiteElo "2484"]
[BlackElo "2302"]
[PlyCount "82"]

1. d4 Nf6 2. Nf3 d5 3. Bf4 c5 4. e3 Nc6 5. Nbd2 Qb6 6. dxc5 Qxb2 7. Rb1 Qc3
8. Bd3 g6 9. O-O Bg7 10. Bg3 O-O 11. Rb5 a6 12. Nb1 Qa1 13. Rb3 Nd7 14. Qe2
Nxc5 15. Nc3 Qxc3 16. Rxc3 Bxc3 17. h3 Bg7 18. c4 Nxd3 19. cxd5 Nce5 20.
Nxe5 Nxe5 21. Rc1 Bd7 22. Rc7 Rfc8 23. Rxb7 Bb5 24. Qd2 Nc4 25. Qd1 Bf6 26.
e4 Na5 27. Rb6 Nc4 28. Rb7 Nd6 29. Bxd6 exd6 30. Qf3 Kg7 31. Qf4 Re8 32. h4
h6 33. f3 Rac8 34. a4 Bd3 35. Qe3 Rc3 36. Qf4 Ra3 37. Kf2 Bd4+ 38. Ke1 Bc3+
39. Kf2 Ra2+ 40. Kg1 Bd4+ 41. Kh1 Ra1+ 0-1

[Event "World Rapid 2023"]
[Site "Samarkand UZB"]
[Date "2023.12.26"]
[EventDate "2023.12.26"]
[Round "4.63"]
[Result "1-0"]
[White "Mittal Aditya"]
[Black "Elham Amar"]
[WhiteElo "2381"]
[BlackElo "2475"]
[PlyCount "40"]

1. e4 c6 2. d4 d5 3. e5 c5 4. Nf3 cxd4 5. Qxd4 Nc6 6. Qf4 g6 7. Bd2 Bh6 8.
Qg3 Bg7 9. Bb5 Bd7 10. Nc3 d4 11. Ne2 Nxe5 12. Nxe5 Bxb5 13. Qb3 Bxe5 14.
Qxb5+ Qd7 15. Qxe5 Nf6 16. Qxd4 Qc6 17. O-O O-O 18. Bc3 Rfd8 19. Qe5 Rd6
20. Nf4 1-0

[Event "World Rapid 2023"]
[Site "Samarkand UZB"]
[Date "2023.12.26"]
[EventDate "2023.12.26"]
[Round "4.64"]
[Result "1-0"]
[White "Robert Ruck"]
[Black "Kanan Garayev"]
[WhiteElo "2470"]
[BlackElo "2280"]
[PlyCount "74"]

1. Nf3 Nf6 2. c4 g6 3. d4 Bg7 4. g3 O-O 5. Bg2 d6 6. O-O Nc6 7. Nc3 a6 8.
b3 Rb8 9. Nd5 b5 10. Nxf6+ Bxf6 11. Bh6 Re8 12. Rc1 bxc4 13. Rxc4 Nb4 14.
a3 Nd5 15. Qc2 Nb6 16. Rxc7 Bf5 17. Qc1 Nd5 18. Rc4 Qb6 19. Nd2 Be6 20. e4
Nf4 21. Bxf4 Bxc4 22. Nxc4 Qxb3 23. e5 dxe5 24. dxe5 Bg7 25. e6 Rbc8 26.
exf7+ Kxf7 27. Bd5+ Kf8 28. Bh6 Qd3 29. Bxg7+ Kxg7 30. Qa1+ Kh6 31. Rd1 Qf5
32. Ne3 Qh3 33. Rd4 g5 34. Ng4+ Kg6 35. Bg2 Qh5 36. Rd6+ Kf7 37. Nh6+ 1-0

[Event "World Rapid 2023"]
[Site "Samarkand UZB"]
[Date "2023.12.26"]
[EventDate "2023.12.26"]
[Round "4.65"]
[Result "0-1"]
[White "Eldiar Orozbaev"]
[Black "Alisher Suleymenov"]
[WhiteElo "2294"]
[BlackElo "2440"]
[PlyCount "72"]

1. e4 c5 2. c3 Nf6 3. e5 Nd5 4. d4 cxd4 5. Nf3 Nc6 6. cxd4 d6 7. Bc4 dxe5
8. Bxd5 Qxd5 9. Nc3 Qd6 10. d5 Nd4 11. Nxd4 exd4 12. Qxd4 e5 13. Qe4 Be7
14. f4 f6 15. O-O O-O 16. Re1 Re8 17. fxe5 fxe5 18. Be3 Bd7 19. Bf2 Bf6 20.
Qc4 Rac8 21. Qb3 Bf5 22. Qxb7 Rb8 23. Qxa7 e4 24. Rad1 Rxb2 25. Qa4 Bd7 26.
Nxe4 Bxa4 27. Nxd6 Rd8 28. Nc4 Rxa2 29. Rd3 Bb5 30. Ne5 Bxe5 31. Rb3 Rxd5
32. Rf3 Bf6 33. Rc1 Rdd2 34. g4 h6 35. Bg3 Bd4+ 36. Kh1 Rac2 0-1